Electrónica fundamental : problemas de electrónica (resueltos y con soluciones)

Bibliographic Details
Main Author: Angulo Usategui, José María
Format: Section = Libro
Language:Undetermined
Spanish
Published: Madrid, España Paraninfo 1984
Subjects:
LEADER 00572nam a2200193Ia 4500
008 240829s9999 xx 000 0 und d
020 |a 84-283-1364-4 
040 |a BIBLIOTECA-RUSB/ 621.381 A594 
041 |a spa 
082 |a 621.381 A594 
100 1 |a Angulo Usategui, José María 
245 1 0 |a Electrónica fundamental : problemas de electrónica (resueltos y con soluciones) 
260 |a Madrid, España  |b Paraninfo  |c 1984 
300 |a p. irreg. :il. 
650 7 |a ELECTRONICA 
650 7 |b  SISTEMAS DE COMUNICACIONES 
942 |c BK  |2 ddc 
991 |a TEXTO 
999 |c 3278